000 00469nam a22001817a 4500
003 CEME
005 20210628205949.0
008 210209b xxu||||| |||| 00| 0 eng d
020 _a0-07-056905-3
040 _c.
082 _a629.83 SHI
100 _aShinskey, F. G
_974046
245 _aFeedback controllers for the process industries
260 _aNEWYORK
_bMCGRAW HILL
_c1994
300 _a283
650 _aFEEDBACK CONTROL SYSTEMS
_944546
942 _cBK
_2ddc
999 _c582916
_d582916